00941nam a2200193 a 450000500170000000800410001702000180005805000260007610000120010224500310011426000670014530000340021244000370024650002520028352001360053552100070067165000280067865000410070620140310183354.0120919s19uu xx 00 eng d a9780521186667 aPN 2871 b.F8313 2012 aFu, Jin aChinese theatre /cFu Jin. aCambridge ; New York, NY :bCambridge University Press,c2012. a137 p. :bcol. ill. ;c24 cm. aIntroductions to Chinese culture aUniform title Zhongguo xi ju. "Originally published by China Intercontinental Press as The art of Chinese theatre (9787508516837) in 2010"--T.p. verso. "Translated from the original Chinese by Wang Wenliang, Wang Huan, and Zhang Lina"--Cover flap. aIn this illustrated introduction Fu Jin explores the origins and development of Chinese theater from ancient opera to modern drama. aMA aTheaterxChinaxHistory aChinese dramaxHistory and criticism